[Event "detiasii2b"]
[Site "?"]
[Date "2016.07.08"]
[Round "2.4"]
[White "Mestnikov, Aital"]
[Black "Garidmagnai, Byambasuren"]
[Result "1/2-1/2"]
[BlackElo "2185"]
[WhiteElo "2125"]
[LiveChessVersion "1.4.8"]

1. e4 {[%clk 1:30:57]} c6 {[%clk 1:30:46]} 2. d4 {[%clk 1:31:09]} d5
{[%clk 1:31:11]} 3. Nc3 {[%clk 1:30:58]} dxe4 {[%clk 1:31:34]} 4. Nxe4
{[%clk 1:31:24]} Bf5 {[%clk 1:32:01]} 5. Ng3 {[%clk 1:31:47]} Bg6
{[%clk 1:32:28]} 6. N1e2 {[%clk 1:31:05]} e6 {[%clk 1:32:05]} 7. Nf4
{[%clk 1:31:13]} Bd6 {[%clk 1:31:10]} 8. h4 {[%clk 1:29:59]} Qc7 {[%clk 1:30:16]}
9. Nxg6 {[%clk 1:22:24]} hxg6 {[%clk 1:29:46]} 10. Ne4 {[%clk 1:22:46]} Bf4
{[%clk 1:29:34]} 11. g3 {[%clk 1:19:10]} Bxc1 {[%clk 1:29:54]} 12. Qxc1
{[%clk 1:19:38]} Nd7 {[%clk 1:29:37]} 13. Qe3 {[%clk 1:19:16]} Ngf6
{[%clk 1:29:07]} 14. Ng5 {[%clk 1:15:07]} c5 {[%clk 1:26:29]} 15. dxc5
{[%clk 1:11:42]} Qxc5 {[%clk 1:26:08]} 16. Qxc5 {[%clk 1:11:09]} Nxc5
{[%clk 1:26:33]} 17. O-O-O {[%clk 1:01:05]} Ke7 {[%clk 1:26:04]} 18. Bg2
{[%clk 1:00:21]} Rac8 {[%clk 1:24:10]} 19. Rd4 {[%clk 0:53:59]} a5
{[%clk 1:23:38]} 20. Rhd1 {[%clk 0:53:29]} Rc7 {[%clk 1:23:03]} 21. Kb1
{[%clk 0:52:59]} b5 {[%clk 1:21:57]} 22. Nf3 {[%clk 0:30:41]} Rhc8
{[%clk 1:18:56]} 23. Ne5 {[%clk 0:30:43]} Ncd7 {[%clk 1:16:43]} 24. Nxd7
{[%clk 0:28:04]} Nxd7 {[%clk 1:17:04]} 25. Bc6 {[%clk 0:27:59]} Nf6
{[%clk 1:14:55]} 26. Bxb5 {[%clk 0:27:31]} Rxc2 {[%clk 1:15:03]} 27. R4d2
{[%clk 0:25:33]} R2c5 {[%clk 1:14:36]} 28. a4 {[%clk 0:25:36]} Nd5
{[%clk 1:11:56]} 29. g4 {[%clk 0:24:15]} Rh8 {[%clk 0:58:44]} 30. Rh1
{[%clk 0:20:52]} f5 {[%clk 0:43:20]} 31. g5 {[%clk 0:16:46]} Kd6 {[%clk 0:42:20]}
32. f4 {[%clk 0:16:02]} Ke7 {[%clk 0:41:20]} 33. Rd4 {[%clk 0:16:22]} Rhc8
{[%clk 0:41:05]} 34. Ba6 {[%clk 0:14:44]} R8c7 {[%clk 0:39:41]} 35. Bb5
{[%clk 0:15:05]} Rc2 {[%clk 0:39:17]} 36. Re1 {[%clk 0:05:58]} Kd6
{[%clk 0:38:30]} 37. Be2 {[%clk 0:01:48]} R7c5 {[%clk 0:35:39]} 38. h5
{[%clk 0:01:52]} gxh5 {[%clk 0:36:00]} 39. Bxh5 {[%clk 0:02:21]} R5c4
{[%clk 0:33:48]} 40. Rd3 {[%clk 0:01:30]} Kc5 {[%clk 0:32:40]} 41. Bf7
{[%clk 0:00:34]} Nxf4 {[%clk 0:10:43]} 42. Rd8 {[%clk 0:00:34]} Rg2
{[%clk 0:02:03]} 43. Re5+ {[%clk 0:00:53]} Kb6 {[%clk 0:01:23]} 44. Be8
{[%clk 0:00:34]} Kc7 {[%clk 0:00:46]} 45. Rd7+ {[%clk 0:01:02]} Kb6
{[%clk 0:00:42]} 46. Rb5+ {[%clk 0:00:49]} Ka6 {[%clk 0:01:08]} 47. Rd6+
{[%clk 0:00:43]} Ka7 {[%clk 0:01:37]} 48. Rxa5+ {[%clk 0:00:50]} Kb7
{[%clk 0:01:34]} 49. Rb5+ {[%clk 0:00:34]} Kc7 {[%clk 0:01:52]} 50. Rd7+
{[%clk 0:00:43]} Kc8 {[%clk 0:02:21]} 51. Rbb7 {[%clk 0:00:33]} Nd3
{[%clk 0:01:37]} 52. Rb5 {[%clk 0:00:32]} Nc5 {[%clk 0:00:56]} 53. Ra7
{[%clk 0:00:43]} Rg1+ {[%clk 0:00:40]} 54. Ka2 {[%clk 0:01:12]} Rcc1
{[%clk 0:00:42]} 55. Ka3 {[%clk 0:00:39]} Rg4 {[%clk 0:00:38]} 56. b3
{[%clk 0:00:33]} Rd4 {[%clk 0:00:38]} 57. Ra8+ {[%clk 0:00:34]} Kc7
{[%clk 0:01:06]} 58. Ra7+ {[%clk 0:00:42]} Kd6 {[%clk 0:01:36]} 59. Rxg7
{[%clk 0:00:47]} Ra1+ {[%clk 0:00:50]} 60. Kb2 {[%clk 0:01:16]} Rdd1
{[%clk 0:01:12]} 61. b4 {[%clk 0:00:36]} Nxa4+ {[%clk 0:01:02]} 62. Kb3
{[%clk 0:00:42]} Rd3+ {[%clk 0:00:36]} 63. Kc2 {[%clk 0:01:10]} Rc3+
{[%clk 0:01:03]} 64. Kd2 {[%clk 0:01:32]} Ra2+ {[%clk 0:01:14]} 65. Kd1
{[%clk 0:02:00]} Rc7 {[%clk 0:00:42]} 66. Rxc7 Kxc7 {[%clk 0:01:11]} 67. Ke1
{[%clk 0:01:22]} Rg2 {[%clk 0:01:14]} 68. g6 {[%clk 0:01:02]} Kd6
{[%clk 0:00:41]} 69. Rb7 {[%clk 0:01:17]} Nc3 {[%clk 0:00:44]} 70. Kf1
{[%clk 0:01:21]} Rg4 {[%clk 0:00:40]} 71. b5 {[%clk 0:00:55]} Nd5
{[%clk 0:00:49]} 72. b6 Kc5 {[%clk 0:00:47]} 73. Rc7+ {[%clk 0:00:36]} Kxb6
{[%clk 0:00:45]} 74. Rc6+ {[%clk 0:00:45]} 1/2-1/2

[Event "detiasii2b"]
[Site "?"]
[Date "2016.07.08"]
[Round "2.5"]
[White "Bezotechestvo, Konstantin"]
[Black "Nguyen, Dang Hong Phuc"]
[Result "0-1"]
[BlackElo "2147"]
[WhiteElo "2117"]
[LiveChessVersion "1.4.8"]

1. d4 {[%clk 1:30:51]} Nf6 {[%clk 1:30:44]} 2. c4 {[%clk 1:31:03]} e6
{[%clk 1:31:05]} 3. g3 {[%clk 1:31:12]} c5 {[%clk 1:31:27]} 4. Nf3
{[%clk 1:30:50]} cxd4 {[%clk 1:30:37]} 5. Nxd4 {[%clk 1:31:08]} Nc6
{[%clk 1:31:01]} 6. Bg2 {[%clk 1:31:21]} Bb4+ {[%clk 1:30:23]} 7. Bd2
{[%clk 1:31:08]} Qb6 {[%clk 1:20:54]} 8. Nb3 {[%clk 1:24:24]} a5 {[%clk 1:11:19]}
9. O-O {[%clk 1:13:14]} O-O {[%clk 0:56:38]} 10. Be3 {[%clk 1:04:36]} Qc7
{[%clk 0:54:25]} 11. a3 {[%clk 1:01:16]} Be7 {[%clk 0:53:20]} 12. Nc3
{[%clk 0:49:55]} Ne5 {[%clk 0:34:44]} 13. c5 {[%clk 0:49:59]} a4 {[%clk 0:32:21]}
14. Nb5 {[%clk 0:43:22]} Qb8 {[%clk 0:31:38]} 15. N3d4 {[%clk 0:38:12]} Bxc5
{[%clk 0:24:45]} 16. Rc1 {[%clk 0:35:27]} Bb6 {[%clk 0:21:16]} 17. Bg5
{[%clk 0:27:07]} d5 {[%clk 0:20:40]} 18. Qd2 {[%clk 0:16:46]} Bd7
{[%clk 0:17:00]} 19. Bxf6 gxf6 20. e4 {[%clk 0:15:38]} dxe4 {[%clk 0:17:08]} 21.
Bxe4 {[%clk 0:16:00]} f5 {[%clk 0:17:24]} 22. Bg2 {[%clk 0:16:23]} Ra5
{[%clk 0:14:45]} 23. Nc3 {[%clk 0:16:20]} Bxd4 {[%clk 0:13:32]} 24. Qxd4
{[%clk 0:16:16]} Bc6 {[%clk 0:14:01]} 25. Qe3 {[%clk 0:13:35]} Bxg2
{[%clk 0:14:09]} 26. Kxg2 {[%clk 0:14:03]} Ng6 {[%clk 0:14:06]} 27. Ne2
{[%clk 0:13:27]} Re5 {[%clk 0:11:20]} 28. Qf3 {[%clk 0:12:48]} Rd8
{[%clk 0:11:40]} 29. Rfd1 {[%clk 0:12:30]} b5 {[%clk 0:09:43]} 30. Nd4
{[%clk 0:11:58]} Qb6 {[%clk 0:08:53]} 31. Nc6 {[%clk 0:09:29]} Rxd1
{[%clk 0:09:10]} 32. Rxd1 {[%clk 0:09:54]} Re4 {[%clk 0:09:26]} 33. Nb4
{[%clk 0:06:18]} Ne5 {[%clk 0:08:00]} 34. Qc3 {[%clk 0:06:06]} Re2
{[%clk 0:08:04]} 35. Rd4 {[%clk 0:05:48]} Nc4 {[%clk 0:03:36]} 36. Nd3
{[%clk 0:03:23]} e5 {[%clk 0:01:22]} 37. Rxc4 {[%clk 0:01:22]} bxc4
{[%clk 0:01:50]} 38. Qxc4 {[%clk 0:01:51]} Qb7+ {[%clk 0:01:36]} 39. Kh3
{[%clk 0:01:33]} Re4 {[%clk 0:01:56]} 40. Qc5 {[%clk 0:01:42]} f6
{[%clk 0:01:34]} 41. Qd6 {[%clk 0:01:08]} Qf7 {[%clk 0:01:54]} 42. Nc5
{[%clk 0:00:58]} Rd4 {[%clk 0:01:12]} 43. Qc6 {[%clk 0:01:14]} Rd8
{[%clk 0:00:40]} 44. Qxa4 {[%clk 0:00:50]} e4 {[%clk 0:00:53]} 45. Qb4
{[%clk 0:00:34]} Qh5+ {[%clk 0:00:44]} 46. Kg2 {[%clk 0:01:01]} Qf3+
{[%clk 0:01:13]} 47. Kh3 {[%clk 0:01:30]} Qh5+ {[%clk 0:01:42]} 48. Kg2
{[%clk 0:01:59]} Qf3+ {[%clk 0:00:37]} 49. Kh3 {[%clk 0:02:25]} Qxf2
{[%clk 0:00:37]} 50. Ne6 {[%clk 0:01:55]} Re8 {[%clk 0:00:46]} 51. Qc4
{[%clk 0:01:51]} Kh8 {[%clk 0:00:58]} 52. Nf4 {[%clk 0:01:51]} Qxb2
{[%clk 0:01:02]} 53. Qf7 {[%clk 0:02:04]} Qe5 {[%clk 0:00:46]} 54. a4
{[%clk 0:00:50]} e3 {[%clk 0:01:05]} 55. Ne2 {[%clk 0:00:47]} Qe6
{[%clk 0:01:24]} 56. Qh5 {[%clk 0:00:41]} f4+ {[%clk 0:01:46]} 57. Kg2
{[%clk 0:01:10]} fxg3 {[%clk 0:01:01]} 58. hxg3 {[%clk 0:01:38]} Qe4+
{[%clk 0:01:21]} 59. Kh3 {[%clk 0:02:02]} Qh1+ {[%clk 0:01:37]} 0-1

[Event "detiasii2b"]
[Site "?"]
[Date "2016.07.08"]
[Round "2.6"]
[White "Tarigan, Gilbert Elroy"]
[Black "Kalabukhov, Bogdan"]
[Result "1-0"]
[BlackElo "2133"]
[WhiteElo "1914"]
[LiveChessVersion "1.4.8"]

1. d4 {[%clk 1:28:20]} d5 {[%clk 1:24:23]} 2. Nf3 {[%clk 1:28:14]} e6
{[%clk 1:24:43]} 3. g3 {[%clk 1:28:36]} b5 {[%clk 1:25:07]} 4. Bg2
{[%clk 1:28:40]} Bb7 {[%clk 1:25:16]} 5. O-O {[%clk 1:28:33]} Nf6
{[%clk 1:25:33]} 6. c3 {[%clk 1:20:54]} c5 {[%clk 1:18:02]} 7. Ne5
{[%clk 1:17:46]} Nc6 {[%clk 1:11:14]} 8. Bf4 {[%clk 0:59:11]} Qb6
{[%clk 0:48:43]} 9. e3 {[%clk 0:54:22]} Nxe5 {[%clk 0:43:26]} 10. Bxe5
{[%clk 0:52:06]} Nd7 {[%clk 0:39:51]} 11. dxc5 {[%clk 0:48:11]} Qxc5
{[%clk 0:38:19]} 12. Bd4 {[%clk 0:47:38]} Qd6 {[%clk 0:35:38]} 13. f4
{[%clk 0:46:55]} f6 {[%clk 0:29:20]} 14. Na3 {[%clk 0:37:13]} a6 {[%clk 0:23:56]}
15. c4 {[%clk 0:28:36]} b4 {[%clk 0:18:16]} 16. cxd5 {[%clk 0:23:49]} bxa3
{[%clk 0:03:32]} 17. dxe6 {[%clk 0:24:11]} Nc5 {[%clk 0:01:02]} 18. Bxc5
{[%clk 0:20:20]} Qxd1 {[%clk 0:01:22]} 19. Rfxd1 {[%clk 0:20:42]} Bxg2
{[%clk 0:01:35]} 20. Bxf8 {[%clk 0:20:49]} axb2 {[%clk 0:01:40]} 21. Rab1
{[%clk 0:21:05]} Be4 {[%clk 0:02:03]} 22. Bxg7 {[%clk 0:20:09]} Bxb1
{[%clk 0:02:15]} 23. Rxb1 {[%clk 0:20:29]} Rg8 {[%clk 0:01:54]} 24. Bxf6
{[%clk 0:20:47]} Rg6 {[%clk 0:01:39]} 25. Be5 {[%clk 0:20:47]} Rxe6
{[%clk 0:01:44]} 26. Rxb2 {[%clk 0:21:12]} Rc8 {[%clk 0:01:26]} 27. Kg2
{[%clk 0:16:10]} Rec6 {[%clk 0:01:27]} 28. Rb7 {[%clk 0:16:15]} Rc2+
{[%clk 0:01:11]} 29. Kh3 {[%clk 0:16:40]} Rxa2 {[%clk 0:01:09]} 30. Rxh7
{[%clk 0:16:43]} Rcc2 {[%clk 0:01:29]} 31. Kg4 {[%clk 0:16:52]} Rxh2
{[%clk 0:01:53]} 32. Ra7 {[%clk 0:17:12]} Ra3 {[%clk 0:01:24]} 33. Bd4
{[%clk 0:12:49]} Ra5 {[%clk 0:00:57]} 34. Kf3 {[%clk 0:12:36]} Rh6
{[%clk 0:00:59]} 35. g4 {[%clk 0:12:51]} Re6 {[%clk 0:00:41]} 36. f5
{[%clk 0:09:46]} Re7 {[%clk 0:00:51]} 37. Ra8+ {[%clk 0:10:11]} Kf7
{[%clk 0:00:55]} 38. Kf4 {[%clk 0:10:08]} Ra2 {[%clk 0:00:49]} 39. Kf3
{[%clk 0:08:09]} Re8 {[%clk 0:00:34]} 40. Ra7+ {[%clk 0:08:05]} Re7
{[%clk 0:01:02]} 41. g5 {[%clk 0:07:22]} Rxa7 {[%clk 0:01:08]} 42. g6+
{[%clk 0:07:28]} Ke7 {[%clk 0:01:29]} 43. Bxa7 {[%clk 0:07:52]} Kf6
{[%clk 0:01:20]} 44. Ke4 {[%clk 0:08:11]} Rc2 {[%clk 0:00:57]} 45. Bd4+
{[%clk 0:08:34]} Kg5 {[%clk 0:01:15]} 46. Ke5 {[%clk 0:07:48]} a5
{[%clk 0:01:12]} 47. g7 {[%clk 0:06:59]} Rc8 {[%clk 0:01:36]} 48. Ke6
{[%clk 0:07:23]} Kh6 {[%clk 0:00:31]} 49. f6 {[%clk 0:07:25]} Kh7
{[%clk 0:00:35]} 50. f7 {[%clk 0:07:33]} a4 {[%clk 0:00:38]} 51. f8=Q
{[%clk 0:07:40]} Rxf8 {[%clk 0:00:59]} 52. gxf8=Q {[%clk 0:07:57]} Kg6
{[%clk 0:01:27]} 53. Qg7+ {[%clk 0:08:12]} Kh5 {[%clk 0:01:55]} 54. Kf5
{[%clk 0:08:26]} a3 {[%clk 0:02:21]} 55. Qh8# {[%clk 0:08:46]} 1-0

[Event "Children of Asia"]
[Site "?"]
[Date "2016.07.08"]
[Round "2"]
[White "Mestnikov, Aisen"]
[Black "Herath, Nipuna B B"]
[Result "1-0"]
[WhiteElo "2135"]
[BlackElo "1602"]
[PlyCount "49"]

1. d4 Nf6 2. Nf3 e6 3. c4 b6 4. g3 Bb7 5. Bg2 Bb4+ 6. Bd2 Be7 7. O-O O-O 8. Nc3
c5 9. dxc5 bxc5 10. Bf4 Qb6 11. Qc2 d5 12. cxd5 exd5 13. Rfd1 Rd8 14. Rac1 Na6
15. a3 d4 16. Na4 Qa5 17. Ne5 Nd5 18. Qb3 Nac7 19. Qxb7 Rab8 20. Nc6 Rxb7 21.
Nxa5 Rb5 22. Nc6 Re8 23. Nxe7+ Rxe7 24. Bxd5 Nxd5 25. Rxd4 1-0

[Event "Children of Asia"]
[Site "?"]
[Date "2016.07.08"]
[Round "2"]
[White "Spiridonov, Vladislav"]
[Black "Koniahli, Malek"]
[Result "0-1"]
[WhiteElo "1700"]
[BlackElo "1958"]
[PlyCount "50"]

1. e4 c5 2. Nf3 d6 3. d4 cxd4 4. Nxd4 Nf6 5. Nc3 a6 6. g3 e6 7. Bg2 Be7 8. O-O
O-O 9. a4 Qc7 10. f4 Nc6 11. Be3 Rd8 12. Nxc6 bxc6 13. g4 e5 14. f5 d5 15. exd5
Nxd5 16. Bxd5 cxd5 17. Nxd5 Rxd5 18. Qxd5 Bb7 19. Qb3 Qc6 20. Kf2 Qf3+ 21. Ke1
Bh4+ 22. Bf2 Qe4+ 23. Kd1 Rd8+ 24. Kc1 Bxf2 25. a5 Qg2 0-1

[Event "Children of Asia"]
[Site "?"]
[Date "2016.07.08"]
[Round "2"]
[White "Kaluarachchi , A S."]
[Black "Mohamed Noor, Rilwan"]
[Result "1-0"]
[WhiteElo "1876"]
[BlackElo "1252"]
[PlyCount "81"]

1. d4 Nf6 2. c4 g6 3. Nc3 Bg7 4. e4 d6 5. Nf3 O-O 6. Bg5 Nc6 7. Be2 e5 8. d5
Ne7 9. O-O h6 10. Bxf6 Bxf6 11. b4 c6 12. dxc6 bxc6 13. Qd2 Be6 14. Qxh6 d5 15.
Rad1 d4 16. Na4 Nc8 17. Nc5 Qe7 18. Nxe6 Qxe6 19. Bd3 Nd6 20. Rc1 Rfb8 21. a3
a5 22. h3 axb4 23. c5 Rxa3 24. Rfd1 Nb7 25. Bc4 Qe7 26. Qxg6+ Kf8 27. Qh6+ Ke8
28. Nh4 b3 29. Nf5 Qd8 30. Qh7 Be7 31. Qxf7+ Kd7 32. Qe6+ Kc7 33. Nxe7 Na5 34.
Qxe5+ Kb7 35. Rxd4 b2 36. Rb1 Nxc4 37. Rxc4 Ka8 38. Rxb2 Rxb2 39. Qxb2 Qa5 40.
Qh8+ Kb7 41. Qc8+ 1-0

[Event "Children of Asia"]
[Site "?"]
[Date "2016.07.08"]
[Round "2"]
[White "Mohammad Fahad, Rahman"]
[Black "Tran, Minh Thang"]
[Result "0-1"]
[WhiteElo "2156"]
[BlackElo "2370"]
[PlyCount "94"]

1. c4 e5 2. g3 c6 3. d4 Bb4+ 4. Bd2 Bxd2+ 5. Qxd2 d6 6. Nc3 Nf6 7. Bg2 O-O 8.
e3 Re8 9. dxe5 dxe5 10. Qxd8 Rxd8 11. Nf3 Re8 12. Nd2 Be6 13. b3 a5 14. Nde4
Nxe4 15. Nxe4 Na6 16. O-O Red8 17. Rfd1 Bg4 18. f3 Bf5 19. Nd6 Bc2 20. Rd2 Nc5
21. Rxc2 Rxd6 22. Kf1 Rad8 23. Ke2 f5 24. Bf1 g5 25. Rb1 Kf7 26. b4 axb4 27.
Rxb4 Kf6 28. Rbb2 R6d7 29. Bh3 h5 30. Bg2 h4 31. g4 f4 32. e4 Rd3 33. Rd2 Re3+
34. Kd1 Nd3 35. Rb1 h3 36. Bf1 Rxf3 37. Be2 Nf2+ 38. Ke1 Rxd2 39. Bxf3 Rxa2 40.
Rb3 Rb2 41. Rc3 b6 42. Ra3 Ke6 43. Kf1 Kd6 44. Be2 Nxe4 45. Rxh3 Kc5 46. Rh6 f3
47. Bd3 Kd4 0-1

[Event "Children of Asia"]
[Site "?"]
[Date "2016.07.08"]
[Round "2"]
[White "Arfan, Aditya Bagus"]
[Black "Sezdbekov, Arzybek"]
[Result "0-1"]
[WhiteElo "1398"]
[BlackElo "1890"]
[PlyCount "126"]

1. d4 Nf6 2. Nf3 d5 3. g3 e6 4. c4 c6 5. Bg2 Nbd7 6. O-O Be7 7. Nc3 b6 8. Qa4
Bb7 9. cxd5 exd5 10. Nh4 b5 11. Qc2 Nf8 12. Nf5 Ne6 13. e4 a6 14. Nxe7 Qxe7 15.
exd5 cxd5 16. Re1 h6 17. Qb3 Rd8 18. f4 Ne4 19. Nxe4 dxe4 20. Bxe4 Bxe4 21.
Rxe4 Rxd4 22. Re1 g6 23. Be3 Rc4 24. Rac1 Rxc1 25. Rxc1 O-O 26. f5 gxf5 27.
Bxh6 Rd8 28. Re1 Qf6 29. Be3 Qg6 30. Rf1 f4 31. Bxf4 Rd3 32. Qb4 Nd4 33. Qe7
Nf3+ 34. Kf2 Nd2 35. Qe8+ Kg7 36. Qe5+ Kh7 37. Re1 Nf3 38. Qe4 Nxe1 39. Qxe1
Rd5 40. Qe2 a5 41. h4 Rc5 42. Kf3 Qc6+ 43. Qe4+ Qxe4+ 44. Kxe4 f6 45. Kd3 Kg6
46. a3 Kf7 47. b3 Ke6 48. Bd2 a4 49. bxa4 bxa4 50. g4 Rb5 51. Kc4 Rb3 52. Bb4
Rh3 53. Kb5 Rxh4 54. Kxa4 Kd7 55. Kb5 Rxg4 56. Kc5 Re4 57. a4 f5 58. a5 Kc7 59.
Bd2 Kb7 60. Kb5 f4 61. a6+ Ka8 62. Kc5 f3 63. Kd5 Re2 0-1

[Event "Children of Asia"]
[Site "?"]
[Date "2016.07.08"]
[Round "2"]
[White "Kazimov, Farhan"]
[Black "Ergeshov, Timur"]
[Result "0-1"]
[WhiteElo "1831"]
[BlackElo "2257"]
[PlyCount "80"]

1. e4 c5 2. Nf3 d6 3. c4 Nc6 4. Nc3 g6 5. g3 Bg7 6. d3 e5 7. Bg2 Nge7 8. h4 Bg4
9. Qa4 O-O 10. Nh2 Bd7 11. h5 a6 12. Qd1 Nd4 13. Nf1 b5 14. Ne3 b4 15. Ncd5
Nxd5 16. Nxd5 Be6 17. Be3 Bxd5 18. cxd5 Qb6 19. b3 a5 20. Bxd4 cxd4 21. Bh3 a4
22. O-O axb3 23. axb3 Rxa1 24. Qxa1 Qb5 25. Rd1 Bh6 26. Qa7 Bg5 27. Qc7 Qa6 28.
Qc6 Ra8 29. Rf1 Kg7 30. f4 Bf6 31. fxe5 Bxe5 32. Rf3 Ra7 33. Qe8 Qa1+ 34. Kf2
Qd1 35. h6+ Kxh6 36. Rxf7 Rxf7+ 37. Qxf7 Qxd3 38. Qf8+ Kh5 39. Bg2 Qxg3+ 40.
Kf1 Kg5 0-1

[Event "Children of Asia"]
[Site "?"]
[Date "2016.07.08"]
[Round "2"]
[White "Zakharov, Nikolay"]
[Black "Bold, Khosbayar"]
[Result "1/2-1/2"]
[WhiteElo "2026"]
[BlackElo "1768"]
[PlyCount "110"]

1. e4 c5 2. Nf3 d6 3. d4 cxd4 4. Nxd4 Nf6 5. Nc3 Nc6 6. Be2 e5 7. Nb3 Be7 8.
Be3 O-O 9. g4 Be6 10. g5 Nd7 11. Qd2 a5 12. h4 a4 13. Nc1 f5 14. exf5 Bxf5 15.
Bd3 Nc5 16. Bxf5 Rxf5 17. N1e2 Kh8 18. Ng3 Rf3 19. O-O-O Qf8 20. g6 Na5 21. Qd5
h6 22. Nge4 a3 23. b3 Rc8 24. Kb1 Nxe4 25. Nxe4 Qf5 26. Rd3 Qxg6 27. Nxd6 Bxd6
28. Qxf3 e4 29. Qh3 Rxc2 30. Kxc2 exd3+ 31. Kd1 Qh5+ 32. Kd2 Qe2+ 33. Kc3 Be5+
34. Kb4 Nc6+ 35. Ka4 d2 36. Qc8+ Kh7 37. Qxb7 Qg4+ 38. Kb5 Nd4+ 39. Ka6 Qe2+
40. Ka5 d1=Q 41. Rxd1 Qxd1 42. Qe4+ g6 43. Ka4 Nf3 44. h5 Qd7+ 45. Kxa3 Bd6+
46. Kb2 Qg7+ 47. Kc2 Qc7+ 48. Kd1 Ne5 49. f4 Qc6 50. hxg6+ Kg8 51. Qxc6 Nxc6
52. f5 Kg7 53. Ke2 Ne7 54. f6+ Kxf6 55. Bxh6 Nxg6 1/2-1/2

[Event "Children of Asia"]
[Site "?"]
[Date "2016.07.09"]
[Round "3"]
[White "Sezdbekov, Arzybek"]
[Black "Kazimov, Farhan"]
[Result "1/2-1/2"]
[WhiteElo "1890"]
[BlackElo "1831"]
[PlyCount "43"]
[SourceDate "2016.07.09"]

1. d4 Nf6 2. Nf3 g6 3. g3 Bg7 4. Bg2 d5 5. O-O O-O 6. Nbd2 c6 7. Re1 Na6 8. c3
c5 9. Ne5 cxd4 10. cxd4 Bf5 11. a3 Rc8 12. e3 Nc7 13. f4 h5 14. h3 Nb5 15. g4
Bc2 16. Qe2 Nd6 17. gxh5 Nxh5 18. Bxd5 e6 19. Bg2 Rc7 20. Nf1 Be4 21. Bxe4 Nxe4
22. Qg2 1/2-1/2

[Event "Children of Asia"]
[Site "?"]
[Date "2016.07.09"]
[Round "3"]
[White "Mohamed Noor, Rilwan"]
[Black "Spiridonov, Vladislav"]
[Result "0-1"]
[WhiteElo "1252"]
[BlackElo "1700"]
[PlyCount "46"]

1. e4 c5 2. Nc3 e6 3. f4 d5 4. Bb5+ Nc6 5. d3 d4 6. Nce2 Qa5+ 7. c3 Qxb5 8. c4
Qb6 9. Nf3 Nf6 10. O-O Ng4 11. Rb1 Bd7 12. h3 Ne3 13. Bxe3 dxe3 14. Qc1 O-O-O
15. Qxe3 Be7 16. Nc3 Nd4 17. a3 f6 18. e5 f5 19. Na2 Bc6 20. Nxd4 Rxd4 21. b4
Qd8 22. bxc5 Rxd3 23. Qc1 Bxc5+ 0-1

[Event "Children of Asia"]
[Site "?"]
[Date "2016.07.09"]
[Round "3"]
[White "Herath, Nipuna B B"]
[Black "Mohammad Fahad, Rahman"]
[Result "0-1"]
[WhiteElo "1602"]
[BlackElo "2156"]
[PlyCount "82"]

1. d4 Nf6 2. Bf4 d5 3. Nf3 e6 4. e3 Be7 5. Bd3 O-O 6. Nbd2 c5 7. c3 Nbd7 8. Qc2
a6 9. h3 b5 10. O-O Bb7 11. Rac1 Qb6 12. Qb1 Rfc8 13. Ne5 h6 14. Ndf3 Nf8 15.
Rfe1 a5 16. Bh2 Ne4 17. dxc5 Bxc5 18. Be2 Bxe3 19. fxe3 Qxe3+ 20. Kh1 Nf2+ 21.
Kg1 Nxh3+ 22. Kh1 Nf2+ 23. Kg1 Nd3+ 24. Kh1 Nxc1 25. Ng4 Qe4 26. Qxc1 Qxg4 27.
Ne5 Qg5 28. Bf4 Qh4+ 29. Kg1 d4 30. Bf3 Bxf3 31. Nxf3 Qg4 32. Nxd4 Ng6 33. Be3
e5 34. Nf3 Ra6 35. Qc2 Rf6 36. Nh2 Qf5 37. Qe2 Rc4 38. Qd2 Nh4 39. Qd8+ Kh7 40.
Qxa5 Qe4 41. Re2 Qb1+ 0-1

[Event "Children of Asia"]
[Site "?"]
[Date "2016.07.09"]
[Round "3"]
[White "Garidmagnai, Byambasuren"]
[Black "Miciano, John Marvin"]
[Result "1/2-1/2"]
[WhiteElo "2185"]
[BlackElo "2251"]
[PlyCount "61"]

1. d4 Nf6 2. c4 g6 3. Nc3 Bg7 4. e4 O-O 5. Be2 d6 6. Nf3 e5 7. Be3 exd4 8. Nxd4
Re8 9. f3 c6 10. Nc2 d5 11. cxd5 cxd5 12. exd5 Bf5 13. Bf2 Bxc2 14. Qxc2 Nxd5
15. Nxd5 Qxd5 16. O-O Nc6 17. Bc4 Qg5 18. Qb3 Re7 19. Bd5 Qd2 20. Rae1 Rc7 21.
Rd1 Qxb2 22. Qxb2 Bxb2 23. Rb1 Be5 24. Rxb7 Rxb7 25. Bxc6 Rab8 26. Bxb7 Rxb7
27. Re1 f6 28. g3 Kf7 29. f4 Bd6 30. Rd1 Ke6 31. Re1+ 1/2-1/2

[Event "Children of Asia"]
[Site "?"]
[Date "2016.07.09"]
[Round "3"]
[White "Nguyen, Dang Hong Phuc"]
[Black "Gasimov, Parviz"]
[Result "1-0"]
[WhiteElo "2147"]
[BlackElo "2358"]
[PlyCount "63"]

1. d4 d5 2. Nf3 Nf6 3. c4 c6 4. Qb3 dxc4 5. Qxc4 Bg4 6. Nbd2 Nbd7 7. g3 e6 8.
Bg2 Be7 9. O-O O-O 10. Ne5 Bh5 11. Nxd7 Nxd7 12. Nb3 a5 13. a4 Bb4 14. Rd1 e5
15. h3 Qe7 16. Bd2 Nb6 17. Bxb4 axb4 18. Qc5 Qxc5 19. Nxc5 Bxe2 20. Re1 Ba6 21.
dxe5 Rfd8 22. Rad1 Nc4 23. Nxa6 bxa6 24. Bxc6 Rxd1 25. Rxd1 Rc8 26. Bb7 Rb8 27.
b3 Nxe5 28. Bxa6 Nc6 29. Bc4 Na5 30. Bd5 Rc8 31. Rd4 Rb8 32. Rf4 1-0

[Event "Children of Asia"]
[Site "?"]
[Date "2016.07.09"]
[Round "3"]
[White "Sylyev, Nedir"]
[Black "Ergeshov, Timur"]
[Result "1/2-1/2"]
[WhiteElo "1855"]
[BlackElo "2257"]
[PlyCount "134"]

1. e4 c5 2. Nf3 d6 3. d4 cxd4 4. Nxd4 Nf6 5. Nc3 a6 6. Be2 e5 7. Nb3 Be6 8. Be3
h5 9. f3 Nbd7 10. O-O Be7 11. a4 Rc8 12. Qd2 O-O 13. Rfd1 Qc7 14. Rac1 Rfd8 15.
Nd5 Bxd5 16. exd5 Nb6 17. Bxb6 Qxb6+ 18. Kh1 h4 19. a5 Qa7 20. Bf1 Nh5 21. Re1
f5 22. Nd4 Rf8 23. Ne6 Rf6 24. Qe3 Qxe3 25. Rxe3 Rxe6 26. dxe6 Bg5 27. Ree1
Bxc1 28. Rxc1 Kf8 29. Kg1 Ke7 30. Kf2 Kxe6 31. c4 g5 32. b4 e4 33. Rb1 Nf6 34.
Be2 Ke5 35. b5 Rc5 36. bxa6 bxa6 37. Rb7 Rxa5 38. Re7+ Kd4 39. Re6 e3+ 40. Rxe3
Re5 41. Rd3+ Kc5 42. Ra3 Kb6 43. c5+ Kxc5 44. Ra5+ Kb4 45. Rxe5 dxe5 46. Bxa6
Nd5 47. Bd3 Ne7 48. Ke3 Kc5 49. g3 Kd6 50. Bb1 Kc5 51. gxh4 Nd5+ 52. Kf2 gxh4
53. Bxf5 Kd4 54. Be4 Nf4 55. Bf5 Nd3+ 56. Bxd3 Kxd3 57. f4 e4 58. Ke1 Kd4 59.
Ke2 h3 60. Kd2 e3+ 61. Ke2 Ke4 62. f5 Kxf5 63. Kxe3 Kg4 64. Ke4 Kh4 65. Kf4 Kh5
66. Kg3 Kg5 67. Kxh3 Kh5 1/2-1/2

[Event "Children of Asia"]
[Site "?"]
[Date "2016.07.09"]
[Round "3"]
[White "Bold, Khosbayar"]
[Black "Mestnikov, Aital"]
[Result "1-0"]
[WhiteElo "1768"]
[BlackElo "2125"]
[PlyCount "95"]

1. e4 e5 2. Nf3 Nc6 3. Bb5 a6 4. Ba4 Nf6 5. d3 b5 6. Bb3 Be7 7. Nc3 d6 8. a3
Bg4 9. Be3 O-O 10. h3 Bh5 11. g4 Bg6 12. Rg1 Qd7 13. Nd5 Na5 14. Nxf6+ Bxf6 15.
Ba2 Nc6 16. g5 Be7 17. Nh4 Kh8 18. Nxg6+ fxg6 19. h4 Nd4 20. Bxd4 exd4 21. Qd2
c6 22. f4 d5 23. O-O-O Bd6 24. Rdf1 Rae8 25. e5 Bc7 26. Qe2 Qh3 27. Rf3 Rxe5
28. Qf2 Qf5 29. Qxd4 Re2 30. Rgf1 Qe6 31. Qc3 Rxf4 32. Rxf4 Bxf4+ 33. Kb1 Bd6
34. Bb3 Qe8 35. Ka2 Re5 36. Qa5 Rf5 37. Re1 Qc8 38. Qb6 Bf8 39. Qe3 h6 40. d4
Kh7 41. c3 Rf7 42. Bc2 Re7 43. Qd3 Rxe1 44. Qxg6+ Kg8 45. Bf5 Qc7 46. gxh6 Qd6
47. h7+ Kh8 48. Qf7 1-0

[Event "Children of Asia"]
[Site "?"]
[Date "2016.07.09"]
[Round "3"]
[White "Koniahli, Malek"]
[Black "Mestnikov, Aisen"]
[Result "1-0"]
[WhiteElo "1958"]
[BlackElo "2135"]
[PlyCount "65"]

1. d4 Nf6 2. Nd2 d6 3. e4 g6 4. Ngf3 Bg7 5. Bc4 O-O 6. O-O c6 7. a4 Na6 8. Re1
Nc7 9. c3 d5 10. Bd3 dxe4 11. Nxe4 Ncd5 12. a5 Nxe4 13. Bxe4 Qd6 14. a6 Nf6 15.
Bd3 b6 16. Ne5 Be6 17. Qe2 c5 18. Be3 Nd5 19. Nc4 Qc7 20. dxc5 bxc5 21. Qf3
Nxe3 22. Nxe3 Rab8 23. Qe2 Qb6 24. Reb1 Rfd8 25. h3 Qd6 26. Bc4 Bxc4 27. Nxc4
Qd3 28. Qxd3 Rxd3 29. Rd1 Rbd8 30. Rxd3 Rxd3 31. Ra5 Rd1+ 32. Kh2 Rd5 33. Rb5
1-0